| 000 | 00407nam a2200145Ia 4500 | ||
|---|---|---|---|
| 008 | 230917s9999||||xx |||||||||||||| ||und|| | ||
| 040 |
_e106939 _aMAIN |
||
| 041 | _aEnglish | ||
| 082 | _a327.116 D962C | ||
| 100 | _aDwivedi, Dhirendra | ||
| 245 | 0 | _aCollective security under united nations: Retrospect and prospects | |
| 260 |
_aNew Delhi _bKanishka Publishers _c2005 |
||
| 300 | _a383p p. | ||
| 942 | _cBK | ||
| 999 |
_c121263 _d121263 |
||